00755nam a22001937a 4500999001900000005001700019010001500036020002600051035001400077037001300091082001700104100001900121245013200140260003900272270007100311300002500382942002900407952012500436 c190778d19077820220804155249.0 aENG-134266 a9788187392989c695.00 aEN-117798 bDBAD/PUB a338.91095461 aMalla, Govinda aPolitics of Foreign Aid in Nepal, 1951-1980:bA Study of Development Assistance from India, China, USA and USSR/cGovinda Malla aNew DelhibAdroit Publishersc2012 a4675/21, Ganpati Bhawan, Ansari Road, DaryaganjbNew Delhie110002 axii, 268p.c23cm(hb) 2ddccENh324.254802mMAL 001040708NFICaBNbBNd2022-08-04eDBAD/PUBg695.00l0o324.254802 MALpEN-117798r2022-08-04 00:00:00t1v695.00yEN